| 000 | 01572nam a2200241Ia 4500 | ||
|---|---|---|---|
| 003 | Ost | ||
| 005 | 20260507075640.0 | ||
| 008 | 260507s9999||||xx |||||||||||||| ||und|| | ||
| 020 | _a9775433320 | ||
| 040 | _cfsecg | ||
| 041 | _aara | ||
| 082 | _a338.7 | ||
| 100 |
_aعطية، عبد القادر محمد عبد القادر _eمؤلف |
||
| 245 | 0 |
_aدراسات الجدوى التجارية والإقتصادية و الاجتماعية مع مشروعات BOT / _c عبد القادر محمد عبد القادر عطية |
|
| 250 | _aطبعة 2 | ||
| 260 |
_aالاسكندرية: _bالدار الجامعية, _c2000-2001 |
||
| 300 |
_a830 صفحة؛ _bإيضاحات ؛ _c24 سم |
||
| 504 | _aالمراجع ص.825 | ||
| 520 | _aدراسات الجدوى التجارية للمشروع:التعريف بدراسات الجدوى،دراسة السوق،التحليل الجدي لمقارنة المشروعات مانعة التبادل،الجدوى التجارية، تقويم المشروعاتالمستقلة،التقويم القتصادي-دراسة الجدوى الاقتصادية،الجدوى الاقتصاديةو اثر التضخم،كيفية تصحيح لاسعار السوقية،اسعار الظل لعناصر الانتاج،تقويم المشروعات في ظل عدم التأكد -تحليل الجدوى الاجتماعية،تحليل الاثار التنموية للمشروع،نموذج تطبيقي للمشروع | ||
| 653 | _aالمشاريع | ||
| 653 | _aدراسة الجدوى | ||
| 942 | _cكتاب | ||
| 999 |
_c45378 _d45378 |
||